<?xml version="1.0" encoding="UTF-8"?><?xml-stylesheet type="text/xsl" href="static/style.xsl"?><OAI-PMH xmlns="http://www.openarchives.org/OAI/2.0/" xmlns:xsi="http://www.w3.org/2001/XMLSchema-instance" xsi:schemaLocation="http://www.openarchives.org/OAI/2.0/ http://www.openarchives.org/OAI/2.0/OAI-PMH.xsd"><responseDate>2026-06-03T04:51:14Z</responseDate><request verb="GetRecord" identifier="oai:riuma.uma.es:10630/4172" metadataPrefix="marc">https://riuma.uma.es/rest/oai/request</request><GetRecord><record><header><identifier>oai:riuma.uma.es:10630/4172</identifier><datestamp>2026-02-03T12:48:26Z</datestamp><setSpec>com_10630_4046</setSpec><setSpec>com_10630_10</setSpec><setSpec>col_10630_4099</setSpec></header><metadata><record xmlns="http://www.loc.gov/MARC21/slim" xmlns:dcterms="http://purl.org/dc/terms/" xmlns:doc="http://www.lyncode.com/xoai" xmlns:xsi="http://www.w3.org/2001/XMLSchema-instance" xsi:schemaLocation="http://www.loc.gov/MARC21/slim http://www.loc.gov/standards/marcxml/schema/MARC21slim.xsd">
   <leader>00925njm 22002777a 4500</leader>
   <datafield ind2=" " ind1=" " tag="042">
      <subfield code="a">dc</subfield>
   </datafield>
   <datafield ind2=" " ind1=" " tag="720">
      <subfield code="a">Arranz Val, Pablo</subfield>
      <subfield code="e">author</subfield>
   </datafield>
   <datafield ind2=" " ind1=" " tag="720">
      <subfield code="a">Alvear González, Arturo</subfield>
      <subfield code="e">author</subfield>
   </datafield>
   <datafield ind2=" " ind1=" " tag="720">
      <subfield code="a">Martín Rodríguez, Fernando</subfield>
      <subfield code="e">author</subfield>
   </datafield>
   <datafield ind2=" " ind1=" " tag="260">
      <subfield code="c">2010</subfield>
   </datafield>
   <datafield ind2=" " ind1=" " tag="520">
      <subfield code="a">La mejora continua de los servicios de la Universidad de Burgos y la creciente importancia de obtener&#xd;
información relevante de los diferentes agentes implicados ha llevado al Vicerrectorado de Calidad y&#xd;
Acreditación a plantearse la necesidad de optimizar el tiempo de su recogida.&#xd;
En línea con otras universidades españolas (ej: UPV), hemos considerado que uno de los mejores métodos para&#xd;
recoger la información de los atributos más significativos a valorar sobre cada actividad que haya sido utilizada&#xd;
por cada usuario (satisfacción general, plazos de prestación del servicio, información recibida, trato recibido y&#xd;
resolución de sus demandas), de manera directa, es la utilización de cuestionarios on-line, por su amplia&#xd;
difusión, bajo coste y comodidad para el encuestado.&#xd;
Para cumplir este objetivo se ha desarrollado una aplicación informática capaz de gestionar o automatizar, cada&#xd;
una de las etapas del proceso de encuestas: envío de avisos por correo electrónico, definición, edición y&#xd;
publicación de cuestionarios, su cumplimentación, la recogida de datos, filtrado tratamiento y exportación de&#xd;
datos, generación de informes automáticos, además, permite el seguimiento en tiempo real de todo el proceso y&#xd;
la comparación de los resultados obtenidos por las diferentes actividades de cada uno de los servicios.&#xd;
Hay que destacar que la generación de los cuestionarios se hace de forma particularizada para cada encuestado&#xd;
en función su perfil y de las necesidades de muestreo, es decir de la tasa de participación previamente obtenida&#xd;
por cada actividad. También la disposición de las opciones del cuestionario cambia aleatoriamente en cada&#xd;
cuestionario para evitar sesgos en la forma de completarla por parte del usuario.&#xd;
El proceso se complementa con la detección de los aspectos a destacar y aspectos a mejorar en las distintas&#xd;
actividades evaluadas, que contribuya a la toma de decisiones de acuerdo al compromiso adquirido por la&#xd;
Universidad de Burgos con la mejora continua</subfield>
   </datafield>
   <datafield ind1="8" ind2=" " tag="024">
      <subfield code="a">http://hdl.handle.net/10630/4172</subfield>
   </datafield>
   <datafield tag="653" ind2=" " ind1=" ">
      <subfield code="a">Bibliotecas universitarias - Calidad</subfield>
   </datafield>
   <datafield tag="653" ind2=" " ind1=" ">
      <subfield code="a">Encuestas</subfield>
   </datafield>
   <datafield tag="653" ind2=" " ind1=" ">
      <subfield code="a">European Foundation for Quality Management</subfield>
   </datafield>
   <datafield ind2="0" ind1="0" tag="245">
      <subfield code="a">Gestión de encuestas de satisfacción con los servicios de la Universidad de Burgos on-line (GESSOL).</subfield>
   </datafield>
</record>
</metadata></record></GetRecord></OAI-PMH>